000 00411nam a2200169Ia 4500
008 240729s9999 xx 000 0 und d
022 _a1338-7014
245 0 _aFolia Oecologica
260 _aPoland
260 _bSciendo
650 _a Biology (General)
650 _a Ecology
650 _aScience
856 _uhttps://doaj.org/toc/c4f01d57045046cdb470595da395dd2c
942 _2ddc
942 _cDOAJEJ
999 _c73083
_d73083
945 _a1
_bMadushi Gamage
_c1
_dMadushi Gamage